Minecraft Mobs That End in R - Statistics

General Stats
  • This quiz has been taken 14 times
  • The average score is 6 of 15
Answer Stats
Mob Name % Correct
Villager
73%
Creeper
64%
Pillager
64%
Evoker
55%
Spider
55%
Ravager
45%
Zombie Villager
45%
Strider
36%
Vindicator
36%
Wither
36%
Cave Spider
27%
Shulker
27%
Sniffer
27%
Polar Bear
18%
Wandering Trader
18%
No matching quizzes found
Score Distribution
Percent of People with Each Score
Percentile by Number Answered
Your Score History
You have not taken this quiz